The complete book of long-distance and competitive cycling /

Spremljeno u:
Bibliografski detalji
Glavni autor: Doughty, Tom
Format: Sách giấy
Jezik:English
Izdano: New York : Simon and Schuster ,
Oznake: Dodaj oznaku
Bez oznaka, Budi prvi tko označuje ovaj zapis!
Thư viện lưu trữ: Thư viện Trường Đại học Đà Lạt
LEADER 00571nam a2200241 4500
001 DLU020016890
005 ##1/2/2001
020 # # |a 978- 
041 # # |a eng 
082 # # |a 796.6  |b DO-T 
100 # # |a Doughty, Tom 
245 # # |a The complete book of long-distance and competitive cycling /  |c Tom Doughty  
260 # # |a New York :  |b Simon and Schuster ,  |c 0 
300 # # |a 377 tr.;   |c 24 cm. 
992 # # |a 0 
994 # # |a DLU 
900 # # |a False 
911 # # |a Administrator 
925 # # |a G 
926 # # |a A 
927 # # |a SH 
980 # # |a Thư viện Trường Đại học Đà Lạt